000 01016nam a2200253 i 4500
001 bg
100 1 _aMAJKA, Krzysztof
245 1 0 _aOchrona przeciwporażeniowa w urządzeniach elektroenergetycznych niskiego napięcia :
_bskrypt dla studentów kierunku elektrotechnika, zwłaszcza specjalności elektroenergetyka /
_cKrzysztof Majka ; Politechnika Lubelska.
260 _aLublin :
_bWydawnictwa Uczelniane PL,
_c1998.
300 _a251 s. :
_brys., wykr. ;
_c24 cm.
500 _aNa okł. nazwa przedmiotu : Elektrotechnika.
504 _aBibliogr. s. 229-230, rozporządzenia i normy s. 230-234.
650 9 _aElektroenergetyka
_xurządzenia
_xbezpieczeństwo i higiena pracy
650 9 _aRażenie prądem elektrycznym
_xzapobieganie
655 _aPodręczniki akademickie
710 0 _aPolitechnika Lubelska
020 _a838727013X
040 _cBPK
041 0 _apl
080 _a621.31:614.8:331.45](075.8)
920 _a83-87270-13-X
942 _cKS
008 s pl f |000 0 pol
999 _c34614
_d34614
856 _uhttp://koha.tu.koszalin.pl/cgi-bin/koha/opac-detail.pl?biblionumber=34614
_yKatalog online BPK